| 000 | 00602nam a2200169 i 4500 | ||
|---|---|---|---|
| 001 | 28023 | ||
| 003 | ES-MaACL | ||
| 005 | 20230906153740.0 | ||
| 007 | t| | ||
| 008 | 030116s1924 it ||||1| ita d | ||
| 100 | 1 |
_aBandello, Matteo. _925176 |
|
| 245 | 1 | 3 |
_aLe quattro parti de le novelle _b: riprodotte sulle antiche stampe di Lucca (1554) e di Lione (1573) / _cdel Matteo Bandello ; a cura di Gustavo Balsamo-Crivelli. |
| 260 |
_aTorino : _bUnione Tipografico-Editrice Torinese, _c1924. |
||
| 300 |
_a4 v. ; _c20 cm. |
||
| 700 | 1 |
_aBalsamo-Crivelli, Gustavo. _925109 |
|
| 852 |
_aES-MaACL _jA-2439-42 |
||
| 999 |
_c28023 _d28023 |
||